Stati per produzione di Semi di Girasole - Statistics

Statistiche generali
  • Questo quiz è stato fatto 4 volte
  • Il punteggio medio è 6 su 8
Statistiche sulle risposte
Produzione (milioni tonnellate) Continente Nazione % Corretto
3,2 America del Sud Argentina
100%
2,4 Asia Cina
100%
13,3 Asia / Europa Russia
100%
2,1 Asia / Europa Turchia
100%
2,2 Europa Romania
67%
13,1 Europa Ucraina
67%
1,7 Europa Ungheria
67%
1,7 Europa Bulgaria
33%
Nessun quiz corrispondente trovato
Distribuzione punteggi
Percentuale di utenti per punteggio
Percentile per numero di risposta
I tuoi punteggi nel tempo
Non hai fatto questo quiz